000
00220nam a22000977a 4500
999
_c
262784
_d
262783
020
_a
01410502068
100
_a
Ludwig Bemelmans
245
_a
Madeline and the bad hat
260
_a
U.S.A
_b
Viking Press
_c
1956
942
_c
BK